[Event "Speed Chess (Women) Q1"]
[Site "Chess.com INT"]
[Date "2021.05.28"]
[Round "3"]
[White "Tarini, Goyal"]
[Black "Sedina, Elena"]
[Result "1-0"]
[WhiteElo "2164"]
[BlackElo "2291"]
[PlyCount "61"]
[EventDate "2021.05.28"]
[EventType "swiss (blitz)"]
[EventRounds "9"]
[EventCountry "USA"]
[SourceTitle "CBM 202 Extra"]
[Source "ChessBase"]
[SourceDate "2021.07.31"]
[SourceVersion "1"]
[SourceVersionDate "2021.07.31"]
[SourceQuality "1"]

1. d4 d5 2. c4 c6 3. Nc3 dxc4 4. e3 b5 5. a4 b4 6. Ne4 Qd5 7. Ng3 Nf6 8. Nf3 g6 9. Ne5 Ba6 10. Qc2 c3 11. Bxa6 Nxa6 12. bxc3 Bg7 13. 0-0 c5 14. Qe2 Nc7 15. cxb4 cxb4 16. Bd2 a5 17. Rac1 Ne6 18. Nc6 Qd6 19. Rc4 0-0 20. Rfc1 h5 21. e4 Qd7 22. d5 Nd8 23. h3 Nb7 24. Nxe7+ Qxe7 25. Rc7 Qe5 26. Rxb7 h4 27. Nf1 Nxd5 28. Rb5 Nf4 29. Qf3 Qb2 30. Bxf4 Rfe8 31. Rc7 1-0

[Event "Speed Chess (Women) Q1"]
[Site "Chess.com INT"]
[Date "2021.05.28"]
[Round "1"]
[White "Tarini, Goyal"]
[Black "Sliwicka, Alicja"]
[Result "0-1"]
[WhiteElo "2164"]
[BlackElo "2346"]
[PlyCount "90"]
[EventDate "2021.05.28"]
[EventType "swiss (blitz)"]
[EventRounds "9"]
[EventCountry "USA"]
[SourceTitle "CBM 202 Extra"]
[Source "ChessBase"]
[SourceDate "2021.07.31"]
[SourceVersion "1"]
[SourceVersionDate "2021.07.31"]
[SourceQuality "1"]

1. d4 Nf6 2. Nf3 c5 3. d5 b5 4. g3 Bb7 5. c4 bxc4 6. Nc3 e6 7. Bg2 exd5 8. Ne5 Nc6 9. Nxd5 Nxe5 10. Nxf6+ Qxf6 11. Bxb7 Rb8 12. Bd5 Be7 13. 0-0 0-0 14. Bf4 Rb6 15. Rb1 Ng6 16. Bc7 Rxb2 17. Bxc4 Rxb1 18. Qxb1 Qc6 19. Ba5 d5 20. Bb5 Qe6 21. Bd3 h5 22. Bf5 Qd6 23. Bd2 Ne5 24. Bf4 g6 25. Bc2 Qe6 26. Rd1 Bf6 27. Qb7 Nc6 28. e4 Nd4 29. Bb1 Ne2+ 30. Kh1 Nxf4 31. gxf4 d4 32. f5 Qe7 33. Qd5 Rd8 34. Qc4 g5 35. h4 g4 36. Bd3 Bxh4 37. Rc1 Bxf2 38. Qxc5 Qh4+ 39. Kg2 Qg3+ 40. Kf1 Qxd3+ 41. Kxf2 Qxe4 42. f6 Qf4+ 43. Kg2 Re8 44. Rf1 Re2+ 45. Kg1 Qg3+ 0-1

[Event "Speed Chess (Women) Q1"]
[Site "Chess.com INT"]
[Date "2021.05.28"]
[Round "4"]
[White "Vine, Elzbieta"]
[Black "Tarini, Goyal"]
[Result "0-1"]
[WhiteElo "2138"]
[BlackElo "2164"]
[PlyCount "32"]
[EventDate "2021.05.28"]
[EventType "swiss (blitz)"]
[EventRounds "9"]
[EventCountry "USA"]
[SourceTitle "CBM 202 Extra"]
[Source "ChessBase"]
[SourceDate "2021.07.31"]
[SourceVersion "1"]
[SourceVersionDate "2021.07.31"]
[SourceQuality "1"]

1. e4 c6 2. d4 d5 3. exd5 cxd5 4. Bd3 Nc6 5. c3 Qc7 6. h3 Nf6 7. Ne2 Bd7 8. Bf4 e5 9. dxe5 Nxe5 10. 0-0 Bd6 11. Bxe5 Bxe5 12. f4 Bd6 13. Nd2 0-0 14. Qc2 Bc6 15. Nd4 Bxf4 16. g3 Be3+ 0-1

[Event "Titled Tuesday intern op 13th Apr"]
[Site "Chess.com INT"]
[Date "2021.04.13"]
[Round "2"]
[White "Tarini, Goyal"]
[Black "Sumaneev, Dmitry"]
[Result "1-0"]
[WhiteElo "2164"]
[BlackElo "2450"]
[PlyCount "65"]
[EventDate "2021.04.13"]
[EventType "swiss (blitz)"]
[EventRounds "11"]
[EventCountry "USA"]
[SourceTitle "CBM 201 Extra"]
[Source "ChessBase"]
[SourceDate "2021.05.31"]
[SourceVersion "1"]
[SourceVersionDate "2021.05.31"]
[SourceQuality "1"]

1. c4 Nf6 2. Nc3 c5 3. g3 g6 4. Bg2 Bg7 5. Nf3 0-0 6. d4 cxd4 7. Nxd4 d6 8. 0-0 a6 9. b3 Nbd7 10. Bb2 e6 11. Qd2 Qc7 12. Rfd1 Rd8 13. Rac1 Rb8 14. h3 Nf8 15. Kh2 Bd7 16. a4 Rbc8 17. Ba3 Ne8 18. Ne4 Qb8 19. Nf3 d5 20. cxd5 exd5 21. Rxc8 Bxc8 22. Nc3 d4 23. Ne4 Ne6 24. e3 b6 25. exd4 Nxd4 26. Nxd4 Rxd4 27. Qe2 Rxd1 28. Qxd1 Be6 29. Qd3 b5 30. Ng5 Bf5 31. Qd5 Qa7 32. g4 Nf6 33. Qd8+ 1-0

[Event "Titled Tuesday intern op 09th Feb"]
[Site "Chess.com INT"]
[Date "2021.02.09"]
[Round "1"]
[White "Budrewicz, Krzysztof"]
[Black "Tarini, Goyal"]
[Result "1-0"]
[WhiteElo "2289"]
[BlackElo "2164"]
[PlyCount "67"]
[EventDate "2021.02.09"]
[EventType "swiss (blitz)"]
[EventRounds "11"]
[EventCountry "USA"]
[SourceTitle "EXT 2022"]
[Source "ChessBase"]
[SourceDate "2021.10.06"]
[SourceVersion "1"]
[SourceVersionDate "2021.10.06"]
[SourceQuality "1"]

1. d4 d5 2. c4 c6 3. Nf3 Nf6 4. Nc3 g6 5. Bf4 Bg7 6. e3 0-0 7. Qb3 dxc4 8. Bxc4 b5 9. Be2 Nbd7 10. 0-0 a5 11. a4 b4 12. Nb1 c5 13. Nbd2 Bb7 14. Rfd1 Bd5 15. Bc4 Bxc4 16. Nxc4 cxd4 17. Rxd4 Nh5 18. Be5 f6 19. Bg3 Nxg3 20. hxg3 Nc5 21. Qd1 Qc7 22. Rc1 Qa7 23. Ncd2 f5 24. Rdc4 Nd3 25. Qb3 Nxc1 26. Rxc1+ Kh8 27. Ng5 e5 28. Ne6 Rfc8 29. Nc4 Bf6 30. Rd1 Qa6 31. Nd6 Rd8 32. Nf7+ Kg8 33. Nfxd8 Bxd8 34. Nc7+ 1-0

[Event "Titled Tuesday intern op 19th Jan"]
[Site "Chess.com INT"]
[Date "2021.01.19"]
[Round "7"]
[White "Gaboyan, Susanna"]
[Black "Tarini, Goyal"]
[Result "1-0"]
[WhiteElo "2211"]
[BlackElo "2164"]
[PlyCount "123"]
[EventDate "2021.01.19"]
[EventType "swiss (blitz)"]
[EventRounds "11"]
[EventCountry "USA"]
[SourceTitle "CBM 200 Extra"]
[Source "ChessBase"]
[SourceDate "2021.03.31"]
[SourceVersion "1"]
[SourceVersionDate "2021.03.31"]
[SourceQuality "1"]

1. Nf3 d5 2. g3 c5 3. Bg2 Nc6 4. d4 cxd4 5. Nxd4 Nf6 6. 0-0 g6 7. c4 Bg7 8. Nc3 0-0 9. cxd5 Nxd4 10. Qxd4 Bf5 11. Qb4 Qd7 12. e4 Bh3 13. Rd1 Bxg2 14. Kxg2 h5 15. h3 h4 16. e5 Nh5 17. Qxh4 Bxe5 18. Bg5 Rfe8 19. Re1 Bf6 20. Bxf6 Nxf6 21. Rad1 Rac8 22. Qh6 Rc4 23. Rd2 Qf5 24. d6 exd6 25. Rxe8+ Nxe8 26. Nd5 Qe6 27. Rd3 Qe4+ 28. Kh2 Rc1 29. Qxc1 Qxd3 30. Qg5 Qe4 31. h4 Qe1 32. Qf4 Ng7 33. Nf6+ Kf8 34. Qxd6+ Qe7 35. Qb8+ Ne8 36. Nxe8 Qxe8 37. Qxe8+ Kxe8 38. Kg2 Kd7 39. Kf3 Kc6 40. Kf4 Kd5 41. g4 Kd4 42. h5 gxh5 43. gxh5 Kd3 44. h6 Kc2 45. h7 Kxb2 46. h8Q+ Kxa2 47. Qf6 b5 48. Qxf7+ Ka3 49. Qxa7+ Kb3 50. Ke5 b4 51. f4 Kc2 52. f5 b3 53. Qb6 b2 54. f6 b1Q 55. Qxb1+ Kxb1 56. f7 Kc2 57. f8Q Kd2 58. Kd4 Ke2 59. Qf4 Ke1 60. Qh2 Kd1 61. Kd3 Ke1 62. Qe2# 1-0

[Event "Titled Tuesday intern op 19th Jan"]
[Site "Chess.com INT"]
[Date "2021.01.19"]
[Round "2"]
[White "Tarini, Goyal"]
[Black "Bitoon, Richard"]
[Result "1-0"]
[WhiteElo "2164"]
[BlackElo "2437"]
[PlyCount "59"]
[EventDate "2021.01.19"]
[EventType "swiss (blitz)"]
[EventRounds "11"]
[EventCountry "USA"]
[SourceTitle "CBM 200 Extra"]
[Source "ChessBase"]
[SourceDate "2021.03.31"]
[SourceVersion "1"]
[SourceVersionDate "2021.03.31"]
[SourceQuality "1"]

1. d4 Nf6 2. c4 e6 3. Nc3 Bb4 4. e3 c5 5. Bd3 d6 6. Nge2 Nbd7 7. 0-0 b6 8. e4 cxd4 9. Nb5 Bc5 10. a3 a5 11. Nexd4 Bb7 12. Qe2 0-0 13. Bg5 h6 14. Bh4 Ne5 15. Rfd1 Rc8 16. h3 a4 17. Bc2 Nxc4 18. Qxc4 e5 19. Qe2 exd4 20. Nxd4 Re8 21. Nf5 Bxe4 22. Bxe4 Rxe4 23. Qxe4 Nxe4 24. Bxd8 Nxf2 25. Ne7+ Kh7 26. Nxc8 Nxd1+ 27. Kh2 Nxb2 28. Bxb6 Nc4 29. Bxc5 dxc5 30. Rc1 1-0

[Event "Titled Tuesday intern op 12th Jan"]
[Site "Chess.com INT"]
[Date "2021.01.12"]
[Round "1"]
[White "Tarini, Goyal"]
[Black "Alexakis, Dimitris"]
[Result "0-1"]
[WhiteElo "2164"]
[BlackElo "2450"]
[PlyCount "90"]
[EventDate "2021.01.12"]
[EventType "swiss (blitz)"]
[EventRounds "11"]
[EventCountry "USA"]
[SourceTitle "CBM 200 Extra"]
[Source "ChessBase"]
[SourceDate "2021.03.31"]
[SourceVersion "1"]
[SourceVersionDate "2021.03.31"]
[SourceQuality "1"]

1. d4 Nf6 2. c4 e6 3. Nc3 Bb4 4. e3 Bxc3+ 5. bxc3 b6 6. Bd3 Bb7 7. Nf3 d6 8. 0-0 Nbd7 9. e4 Bxe4 10. Bxe4 Nxe4 11. Re1 Nef6 12. Bf4 0-0 13. Qd3 Re8 14. Rad1 h6 15. h3 Nf8 16. g4 Ng6 17. Bg3 Qd7 18. Nh4 Nxh4 19. Bxh4 Nh7 20. Kg2 Qc6+ 21. d5 Qd7 22. f4 Nf8 23. Bg3 exd5 24. cxd5 Rxe1 25. Rxe1 Re8 26. Re4 Qd8 27. Qe3 Rxe4 28. Qxe4 Nd7 29. Qe1 Nf6 30. Bh4 b5 31. Kf3 Qa8 32. Bxf6 Qxd5+ 33. Qe4 Qxe4+ 34. Kxe4 gxf6 35. Kd5 a5 36. Kc6 b4 37. cxb4 axb4 38. Kb5 c5 39. Kc4 Kf8 40. f5 Ke7 41. Kd5 Kd7 42. h4 Kc7 43. h5 Kd7 44. g5 fxg5 45. f6 g4 0-1

[Event "Titled Tuesday intern op 12th Jan"]
[Site "Chess.com INT"]
[Date "2021.01.12"]
[Round "4"]
[White "Tarini, Goyal"]
[Black "Eynullayev, Altay Elshan"]
[Result "0-1"]
[WhiteElo "2164"]
[BlackElo "2227"]
[PlyCount "130"]
[EventDate "2021.01.12"]
[EventType "swiss (blitz)"]
[EventRounds "11"]
[EventCountry "USA"]
[SourceTitle "CBM 200 Extra"]
[Source "ChessBase"]
[SourceDate "2021.03.31"]
[SourceVersion "1"]
[SourceVersionDate "2021.03.31"]
[SourceQuality "1"]

1. d4 Nf6 2. c4 g6 3. g3 Bg7 4. Bg2 d5 5. cxd5 Nxd5 6. Nf3 Nc6 7. 0-0 Nb6 8. Nc3 Nxd4 9. Nxd4 Qxd4 10. Qc2 Bf5 11. e4 Bd7 12. Rd1 Qc4 13. Bf1 Ba4 14. Qxa4+ Nxa4 15. Bxc4 Nxc3 16. bxc3 Bxc3 17. Rb1 b6 18. Bb5+ Kf8 19. Bh6+ Bg7 20. Bf4 e5 21. Be3 Bf6 22. Bc6 Rd8 23. Rxd8+ Bxd8 24. Rd1 Ke7 25. h4 h6 26. Bc1 Kf6 27. Bb2 Be7 28. f4 Bc5+ 29. Kg2 Bd6 30. fxe5+ Bxe5 31. Rf1+ Ke6 32. Bd5+ Kd6 33. Bxe5+ Kxe5 34. Rxf7 c5 35. Rxa7 Kd4 36. Rd7 c4 37. Bc6+ Ke5 38. Rd5+ Ke6 39. Rd4 Ra8 40. Bd5+ Ke5 41. Rxc4 Rxa2+ 42. Kf3 h5 43. Rc3 Ra7 44. Rb3 Ra6 45. Rb5 Kd6 46. Rb3 Kc5 47. Bf7 b5 48. Bd5 Rf6+ 49. Ke3 b4 50. Bg8 Rf1 51. e5 Re1+ 52. Kf4 Rf1+ 53. Kg5 Rf5+ 54. Kxg6 Rxe5 55. Kh6 Re3 56. Kg6 Rxb3 57. Kxh5 Rxg3 58. Kh6 b3 59. Bxb3 Rxb3 60. h5 Kd6 61. Kh7 Ke7 62. h6 Rg3 63. Kh8 Kf6 64. h7 Ra3 65. Kg8 Ra8# 0-1

[Event "Titled Tuesday intern op 12th Jan"]
[Site "Chess.com INT"]
[Date "2021.01.12"]
[Round "2"]
[White "Veiga, Emerson de Sousa"]
[Black "Tarini, Goyal"]
[Result "1-0"]
[WhiteElo "2106"]
[BlackElo "2164"]
[PlyCount "129"]
[EventDate "2021.01.12"]
[EventType "swiss (blitz)"]
[EventRounds "11"]
[EventCountry "USA"]
[SourceTitle "CBM 200 Extra"]
[Source "ChessBase"]
[SourceDate "2021.03.31"]
[SourceVersion "1"]
[SourceVersionDate "2021.03.31"]
[SourceQuality "1"]

1. e4 c6 2. d4 d5 3. exd5 cxd5 4. c4 Nf6 5. Nc3 g6 6. cxd5 Bg7 7. Qb3 0-0 8. Be2 Nbd7 9. Bf3 Nb6 10. h3 Bf5 11. Nge2 Rc8 12. Bg5 Bd3 13. Bxf6 Bxf6 14. d6 Qxd6 15. Bxb7 Bc4 16. Qd1 Rc7 17. Bf3 Bxe2 18. Qxe2 Qxd4 19. Rd1 Qb4 20. 0-0 Bxc3 21. bxc3 Rxc3 22. Rfe1 e6 23. Rb1 Qc5 24. Rb2 Rc8 25. Rd2 Rc2 26. Red1 Rxd2 27. Rxd2 Qc4 28. Qxc4 Rxc4 29. Kf1 Rc1+ 30. Ke2 Kg7 31. Kd3 Kf6 32. Rb2 Ra1 33. Rc2 Nd5 34. Bxd5 exd5 35. Rc6+ Ke5 36. Ra6 Rd1+ 37. Ke2 Rb1 38. Rxa7 Kd4 39. Rxf7 Rb2+ 40. Kf3 Kc3 41. Rc7+ Kd3 42. Rxh7 Rxa2 43. Rh6 d4 44. Rxg6 Kd2 45. Rd6 d3 46. g4 Kc2 47. Ke3 Ra3 48. f4 Rc3 49. f5 d2+ 50. Ke2 Rxh3 51. Rxd2+ Kc3 52. Rd5 Rh2+ 53. Kf3 Rh1 54. Kf4 Rf1+ 55. Kg5 Rg1 56. Rd6 Kc4 57. Rg6 Kc5 58. Re6 Kd5 59. Re2 Rf1 60. f6 Kd6 61. Kg6 Rf4 62. g5 Kd7 63. Kg7 Kd8 64. g6 Kd7 65. f7 1-0

[Event "Titled Tuesday intern op 24th Nov"]
[Site "Chess.com INT"]
[Date "2020.11.24"]
[Round "4"]
[White "Derraugh, Geordie"]
[Black "Tarini, Goyal"]
[Result "1-0"]
[WhiteElo "2169"]
[BlackElo "2164"]
[PlyCount "97"]
[EventDate "2020.11.24"]
[EventType "swiss (blitz)"]
[EventRounds "11"]
[EventCountry "USA"]
[SourceTitle "CBM 199 Extra"]
[Source "ChessBase"]
[SourceDate "2021.01.31"]
[SourceVersion "1"]
[SourceVersionDate "2021.01.31"]
[SourceQuality "1"]

1. e4 c6 2. c4 d5 3. exd5 cxd5 4. cxd5 Nf6 5. Nf3 g6 6. Nc3 Bg7 7. Bc4 0-0 8. d3 Nbd7 9. a4 Nb6 10. Qb3 e6 11. dxe6 Nxc4 12. exf7+ Rxf7 13. Qxc4 Qe8+ 14. Be3 Be6 15. Qh4 Ng4 16. 0-0 Nxe3 17. fxe3 Bf6 18. Qb4 Qd7 19. Rad1 Raf8 20. Ne4 Be7 21. Qc3 Bd5 22. Qd4 b6 23. Nc3 Bc6 24. Qxd7 Bxd7 25. Ne5 Rxf1+ 26. Rxf1 Bf5 27. g4 Be6 28. Rxf8+ Kxf8 29. Nc6 Bc5 30. d4 Bb4 31. Nxa7 Bd7 32. h3 Bxc3 33. bxc3 Bxa4 34. Nc8 b5 35. e4 Kf7 36. Kf2 Ke6 37. Ke3 Bb3 38. Na7 Bc4 39. Nc6 h5 40. gxh5 gxh5 41. h4 Kd6 42. Ne5 Bf1 43. Ng6 Bh3 44. Nf4 Bg4 45. e5+ Ke7 46. d5 Kd7 47. Kd4 Kc7 48. Kc5 Kd7 49. Kxb5 1-0